000 00625cam a2200217 4500500
005 20260405003816.0
041 _afre
042 _adc
100 1 0 _aMoreau, Anne-Sophie
_eauthor
245 0 0 _aA69, l’autoroute sans but ni fin
260 _c2023.
500 _a37
690 _aConsommation
690 _aConstruction
690 _aNostalgie
690 _aProgrès
690 _aProjet
690 _aRoute
786 0 _nPhilosophie magazine | 175 | 12 | 2023-12-01 | p. 14-14 | 1951-1787
856 4 1 _uhttps://shs.cairn.info/magazine-philosophie-magazine-2023-12-1-page-14?lang=fr&redirect-ssocas=7080
999 _c2071021
_d2071021